Normal view
MARC view
Entry Personal Name
001 - CONTROL NUMBER
- control field: 6354
003 - CONTROL NUMBER IDENTIFIER
- control field: BD-RjUL
005 - DATE AND TIME OF LATEST TRANSACTION
- control field: 20221218180149.0
008 - FIXED-LENGTH DATA ELEMENTS
- fixed length control field: 221218|| aca||aabn | a|a d
040 ## - CATALOGING SOURCE
- Original cataloging agency: BD-RjUL
- Transcribing agency: BD-RjUL
100 ## - HEADING--PERSONAL NAME
- Personal name: Hasan, Md. Mahabub
670 ## - SOURCE DATA FOUND
- Source citation: Work cat.: (BD-RjUL)80984: Hasan, Md. Mahabub, Synergism of some insecticides by piperonyl butoxide (PBO) and mcpa (4-Chloro-2-Methylphenoxy acetic ACID) against rhizopertha dominica (F.) /, 2012